00428nam a22001577a 4500020001500000082001300015100002600028245002700054250001200081260002600093300001100119650001700130942000700147999001500154952010100169 a0471544086 a574bBRU aBrum, Gilbert D.9151 aBiology Exploring Life a2nd.ed. aNew YorkbWileyc1993 a1030p. aBiology9152 cBK c4991d4991 0010708NFICaICbICcGENd2023-10-11l0o574 BRUp007493r2023-10-11 12:52:03w2023-10-11yBK